[Event "Dortmund Sparkassen op-B"]
[Site "Dortmund"]
[Date "2010.07.24"]
[Round "8"]
[White "Deika, Tobias"]
[Black "Reisberg, Andre"]
[Result "1/2-1/2"]
[WhiteElo "1735"]
[BlackElo "1627"]
[PlyCount "80"]
[EventDate "2010.07.17"]
[EventType "swiss"]
[EventRounds "9"]
[EventCountry "GER"]
[SourceTitle "EXT 2014"]
[Source "ChessBase"]
[SourceDate "2013.11.20"]
[SourceVersion "1"]
[SourceVersionDate "2013.11.20"]
[SourceQuality "1"]

1. e4 e6 2. d4 d5 3. Nc3 Nf6 4. e5 Nfd7 5. f4 c5 6. Nf3 Nc6 7. Be3 Qb6 8. Qd2 cxd4 9. Nxd4 Nxd4 10. Bxd4 Qa5 11. Be2 a6 12. 0-0 Bc5 13. a3 Bxd4+ 14. Qxd4 Qb6 15. Qxb6 Nxb6 16. a4 Nd7 17. Rae1 0-0 18. Bg4 g6 19. Rf3 Kh8 20. h4 Rg8 21. h5 b6 22. hxg6 hxg6 23. Kf2 Bb7 24. Rg3 Rg7 25. Rh3+ Rh7 26. Reh1 Rxh3 27. Rxh3+ Kg7 28. Ke3 Rc8 29. Be2 Nb8 30. g4 Nc6 31. Kd2 Nb4 32. Bd3 Nxd3 33. cxd3 Bc6 34. b3 b5 35. axb5 Bxb5 36. Nxb5 axb5 37. d4 b4 38. g5 Ra8 39. Rd3 Ra1 40. Ke2 Rh1 1/2-1/2

[Event "Dortmund Sparkassen op-B"]
[Site "Dortmund"]
[Date "2006.08.04"]
[Round "7"]
[White "Deika, Tobias"]
[Black "Daebel, Hasso"]
[Result "0-1"]
[WhiteElo "1485"]
[BlackElo "1430"]
[PlyCount "74"]
[EventDate "2006.07.28"]
[EventType "swiss"]
[EventRounds "9"]
[EventCountry "GER"]
[SourceTitle "CBM 113 Extra"]
[Source "ChessBase"]
[SourceDate "2006.09.14"]
[SourceVersion "1"]
[SourceVersionDate "2006.09.14"]
[SourceQuality "1"]

1. e4 c5 2. Nf3 d6 3. d4 cxd4 4. Nxd4 a6 5. Nc3 Nd7 6. Be3 g6 7. Qd2 Bg7 8. 0-0-0 Ngf6 9. f3 0-0 10. Be2 Nc5 11. h4 Nh5 12. Qe1 Be5 13. Bh6 Bf4+ 14. Bxf4 Nxf4 15. g4 h5 16. Qg3 e5 17. Nb3 Nxb3+ 18. axb3 Be6 19. Rd2 Rc8 20. Qg1 Rc6 21. gxh5 Nxh5 22. f4 Nxf4 23. h5 g5 24. Bg4 Bxg4 25. Qxg4 f6 26. Nd5 Rf7 27. Nxf4 exf4 28. Qf5 Qe7 29. h6 Rh7 30. Rg2 Rc5 31. Qxf4 Re5 32. Qg4 Rxe4 33. Qc8+ Kf7 34. Qc3 Kg6 35. Qh3 Re1+ 36. Kd2 Rxh1 37. Qxh1 Rxh6 0-1

[Event "Dortmund Sparkassen op-B"]
[Site "Dortmund"]
[Date "2006.07.28"]
[Round "1"]
[White "Deika, Tobias"]
[Black "Beer, Markus"]
[Result "0-1"]
[WhiteElo "1485"]
[BlackElo "1763"]
[PlyCount "89"]
[EventDate "2006.07.28"]
[EventType "swiss"]
[EventRounds "9"]
[EventCountry "GER"]
[SourceTitle "CBM 113 Extra"]
[Source "ChessBase"]
[SourceDate "2006.09.14"]
[SourceVersion "1"]
[SourceVersionDate "2006.09.14"]
[SourceQuality "1"]

1. e4 c5 2. Nf3 e6 3. d4 cxd4 4. Nxd4 a6 5. Nc3 d6 6. Be2 b5 7. a3 Bb7 8. 0-0 Nd7 9. Kh1 Ngf6 10. Bd3 Qc7 11. f4 Rd8 12. Nb3 Nc5 13. Nxc5 dxc5 14. e5 Nd5 15. Nxd5 Bxd5 16. Qg4 h5 17. Qe2 Qb7 18. Qf2 c4 19. Be2 Be4 20. Bf3 Bxf3 21. Qxf3 Qxf3 22. gxf3 Bc5 23. f5 exf5 24. Bg5 Be7 25. Bxe7 Kxe7 26. Rad1 g5 27. Kg2 f4 28. h4 Rxd1 29. Rxd1 g4 30. fxg4 hxg4 31. Rd4 Rxh4 32. Rxf4 Ke6 33. Kg3 Rh3+ 34. Kxg4 Rh2 35. Rf6+ Kxe5 36. Rxf7 Rxc2 37. Rf5+ Kd4 38. Rf4+ Kd3 39. Rf3+ Kd2 40. Rf2+ Kc1 41. Rf6 a5 42. Rf5 Rxb2 43. a4 bxa4 44. Rxa5 Rb4 45. Kf3 0-1

[Event "Dortmund Sparkassen op-B"]
[Site "Dortmund"]
[Date "2006.07.28"]
[Round "2"]
[White "Koenig, Oliver"]
[Black "Deika, Tobias"]
[Result "1-0"]
[WhiteElo "2039"]
[BlackElo "1485"]
[PlyCount "71"]
[EventDate "2006.07.28"]
[EventType "swiss"]
[EventRounds "9"]
[EventCountry "GER"]
[SourceTitle "CBM 113 Extra"]
[Source "ChessBase"]
[SourceDate "2006.09.14"]
[SourceVersion "1"]
[SourceVersionDate "2006.09.14"]
[SourceQuality "1"]

1. f4 c5 2. Nf3 Nc6 3. e4 d6 4. Bb5 Bd7 5. Bxc6 Bxc6 6. d3 e6 7. Nc3 Nf6 8. Qe2 Be7 9. 0-0 0-0 10. b3 Re8 11. Bb2 d5 12. e5 Nd7 13. d4 cxd4 14. Nxd4 Bc5 15. Rad1 f6 16. Kh1 Bxd4 17. Rxd4 fxe5 18. fxe5 Qg5 19. Re1 Rf8 20. Rg4 Qf5 21. Nd1 Nc5 22. Ne3 Qf2 23. Qd1 Ne4 24. Ba3 Qxe3 25. Rxe4 Qf2 26. R4e2 Qf5 27. Bxf8 Rxf8 28. Kg1 Qg5 29. Rf1 Rxf1+ 30. Qxf1 Bb5 31. c4 dxc4 32. Rf2 h6 33. Rf8+ Kh7 34. Qb1+ g6 35. Qf1 Qe3+ 36. Kh1 1-0